Draft Day Movie Trivia - Statistics

General Stats
  • This quiz has been taken 13 times
  • The average score is 13 of 24
Answer Stats
Hint Answer % Correct
Who claimed to have read the entire playbook but did not mention the $100 bill? Bo Callahan
92%
What linebacker was selected with the first pick? Vontae Mack
92%
______ ______ No Matter What Vontae Mack
92%
How many first round picks did the Browns trade for the #1 pick? 3
85%
What college did Bo Callahan attend? Wisconsin
85%
Where did Vontae Mack attend college? Ohio St
77%
What pick was Bo Callahan? 6
69%
Who did the Browns trade up with in order to acquire the #6 pick in the draft? Jaguars
69%
Who did Sonny trade with to get the #1 pick? Seattle
69%
What team picked Bo Callahan? Seattle
69%
What color pick up does Sonny drive? White
69%
What year was Draft Day released? 2014
62%
Which former NFL player also appeared the movie as a Browns Offensive Lineman in the weight room? Alex Mack
54%
Which former NFL player played star college running back, Ray Jennings, in the movie? Arian Foster
46%
Where did Ray Jennings attend college? Florida St
46%
What did the owner of the Browns tell the GM to do...'Make a ___' Splash
46%
Which player did the Seahawks trade to the Browns along with their first round picks back? _____ G'Dam ______! David Putney
38%
What is the name of the GM for the Browns? Sonny Weaver Jr.
38%
Who Played Ray Jennings Dad, Earl? Terry Crews
31%
What is the name of the Browns QB? Brian Drew
15%
Which team called Sonny and was asking about Vontae Mack? Texans
15%
Which former running back for the Browns in the movie is also Ray Jennings' dad's name? Earl
8%
What did Coach Penn burn up after Sonny traded for the #1 pick? Draft Analysis
0%
What is the name of the intern? Rick
0%
No matching quizzes found
Score Distribution
Percent of People with Each Score
Percentile by Number Answered
Your Score History
You have not taken this quiz